000
00269nam a2200109Ia 4500
008
190914s9999||||xx |||||||||||||| ||und||
100
_a
Gulnar Afreen
245
0
_a
Anso Shabnam aur Ghulab
260
_a
Karachi
_b
Canvas Communications
_c
2004
300
_a
428
942
_c
BK
999
_c
9426
_d
9426